| 000 | 00000nas 2200000za 4500 |
| 001 | 9.862750 |
| 003 | CaOODSP |
| 005 | 20221107161112 |
| 007 | cr ||||||||||| |
| 008 | 181003d19701972oncar p oss f000#a0fre|d |
| 022 | # |y0317-9796 |
| 040 | |aCaOODSP|bfre |
| 041 | |aeng|afre |
| 043 | |an-cn--- |
| 086 | 1 |aCS81-211-PDF |
| 245 | 00|aDegrees, diplomas and certificates awarded by Canadian degree-granting institutions |h[ressource électronique] / |cDominion Bureau of Statistics, Education Division, Higher Education Section = Grades, diplômes et certificats décernés par les universités et collèges canadiens / Bureau fédéral de la statistique, Division de l'éducation, Section de l'enseignement supérieur. |
| 246 | 11|aGrades, diplômes et certificats décernés par les universités et collèges canadiens |
| 246 | 14|aDegrees, diplomas, certificates awarded by degree-granting institutions |
| 246 | 13|aGrades, diplômes, certificats décernés par les universités et collèges |
| 260 | |aOttawa : |bDominion Bureau of Statistics = Bureau fédéral de la statistique, |c1971-1973. |
| 300 | |a3 v. : |bcartes en coul. |
| 310 | |aAnnuel |
| 362 | 0 |a1969/70-1971/72. |
| 500 | |aÉdition numérisée de l’imprimé [par Statistique Canada] |
| 546 | |aTexte en anglais et en français. |
| 550 | |aPublié 1970/71 par Statistique Canada, Section de l'enseignement supérieur; 1971/72 par la Section de la clientèle scolaire. |
| 580 | |aFait suite à : Survey of higher education. Part II. Degrees, staff and summary |
| 580 | |aSuivi de : Degrees, diplomas and certificates awarded by universities. |
| 692 | 07|2gccst|aEnseignement postsecondaire |
| 710 | 1 |aCanada.|bBureau fédéral de la statistique.|bSection de l'enseignement supérieur. |
| 710 | 2 |aStatistique Canada.|bSection de l'enseignement supérieur. |
| 710 | 2 |aStatistique Canada.|bSection de la clientèle scolaire. |
| 780 | 00|tSurvey of higher education. |w(CaOODSP)9.811815 |
| 785 | 00|tDegrees, diplomas and certificates awarded by universities |w(CaOODSP)9.862767 |
| 791 | |tDegrees, diplomas and certificates awarded by Canadian degree-granting institutions |eeng|w(CaOODSP)9.862747 |